Americké zamyšlení nad ztrátou prvenství.
Správa o problémoch americkej priemyselnej produktivity, ktorá sa nazýva Made in America. Predpokladalo sa, že v Amerike dosiahne sektor služieb až 90 perc. a podiel priemyslu sa zmenší na 7-8 perc. Vzťah medzi priemyslom a službami sa utužuje. Formulácia 5 imperatívov ako pozdvihnúť americkú priemy...
Salvato in:
| Autore principale: | |
|---|---|
| Natura: | Capitolo di libro |
| Lingua: | ceco |
| Soggetti: | |
| Tags: |
Nessun Tag, puoi essere il primo ad aggiungerne!!
|
MARC
| LEADER | 00000naa a2200000 4500 | ||
|---|---|---|---|
| 001 | r006590 | ||
| 005 | 20221125080457.0 | ||
| 041 | 0 | |a cze | |
| 044 | |a [CS] | ||
| 245 | 1 | 0 | |a Americké zamyšlení nad ztrátou prvenství. |c J. Jirásek |
| 520 | |a Správa o problémoch americkej priemyselnej produktivity, ktorá sa nazýva Made in America. Predpokladalo sa, že v Amerike dosiahne sektor služieb až 90 perc. a podiel priemyslu sa zmenší na 7-8 perc. Vzťah medzi priemyslom a službami sa utužuje. Formulácia 5 imperatívov ako pozdvihnúť americkú priemyselnú produktivitu. | ||
| 610 | 2 | 0 | |a priemysel |
| 610 | 2 | 0 | |a služby |
| 610 | 2 | 0 | |a USA |
| 610 | 2 | 0 | |a produktívnosť |
| 610 | 2 | 0 | |a sféra terciárna |
| 100 | 1 | |a Jirásek, J. | |